| 000 | 00613nam a2200181Ia 4500 | ||
|---|---|---|---|
| 001 | 23394 | ||
| 005 | 20260414150934.0 | ||
| 008 | 260414t2015||||xx |||||||||||||| ||spa|| | ||
| 041 | _aESP | ||
| 082 |
_a633.0218 _bS747 |
||
| 110 | _aSistema Nacional de Evaluación, Acreditación y Certificación de la Calidad Educativa | ||
| 245 | 0 |
_aNormas de competencia de productores en el sector agroexportación : _bproductor de bananos orgánicos, productor de espárragos y productor de paltos |
|
| 260 | _c2015 | ||
| 300 |
_a206 páginas : _c30 cm. |
||
| 650 | _aCNM | ||
| 654 | _aCCN | ||
| 942 |
_cLIB _dJUS _fJUS _2ddc _n |
||
| 999 |
_c23394 _d23394 |
||